Is this a valid IP Address? - Statistics

General Stats
  • This quiz has been taken 65 times
  • The average score is 7 of 17
Answer Stats
Question Answer % Correct
192.168.178.1 Private
83%
19.68.33.129 Public
61%
10.10.10.10 Private
56%
55.73.96.31 Public
56%
254.0.0.1 Special
56%
192.5.99.2 Public
50%
172.50.8.32 Public
50%
172.19.97.2 Private
44%
82.63.361.2 Invalid
39%
0.0.0.0 Special
39%
169.254.16.5 Special
39%
255.255.255.255 Special
39%
170.162.108 Invalid
33%
12.0.256.87 Invalid
33%
1.1.1.1 Public
28%
127.128.129.130 Special
22%
10.5.9.15.0 Invalid
11%
No matching quizzes found
Score Distribution
Percent of People with Each Score
Percentile by Number Answered
Your Score History
You have not taken this quiz